|
|
|
|
| LEADER |
00000nam a2200000Ia 4500 |
| 003 |
009763 |
| 005 |
20240207085944.0 |
| 008 |
140114s2006 cr a m 000 ||s d |
| 040 |
|
|
|c cru CEDI
|
| 100 |
|
|
|a Quirós Espinoza, Pamela, 1981-
|9 2351
|
| 245 |
|
|
|a Administración de proyectos de construcción a distancia
|
| 260 |
|
|
|a [San José, Costa Rica]
|b 2006
|
| 300 |
|
|
|a 182 hojas : ilustraciones (algunas a color)
|
| 500 |
|
|
|a Tesis [licenciatura en ingeniería civil]--Universidad de Costa Rica. Escuela de Ingeniería Civil
|
| 501 |
|
|
|a Director de Trabajo Final de Graduación: Ing. Roberto Fernández Morales, M.Eng. C.E; M.B.A.
|
| 650 |
|
|
|x INDUSTRIA DE LA CONSTRUCCION - ADMINISTRACION
|x PROYECTOS INDUSTRIALES
|x ADMINISTRACION DE PROYECTOS
|x METODOLOGIA
|9 5533
|
| 700 |
|
|
|a Fernández Morales, Roberto
|d Director del TFG
|9 737
|
| 942 |
|
|
|c TFG
|h TFG 5291
|i 009763
|6 TFG_5291_009763000000000
|
| 999 |
|
|
|c 17133
|d 17133
|